Channel By Failed TV Show Quiz Stats

 Plays Quiz not verified by Sporcle

Challenge
Share
Tweet
Embed
Score 0/12 Timer 03:00
0 Plays Today
Show Channel % Correct
JoeyNBC
95.4%
The Michael Richards ShowNBC
93.5%
Knight RiderNBC
92.6%
CouplingNBC
91.7%
Bionic WomanNBC
91.7%
American GladiatorsNBC
90.7%
Watching EllieNBC
89.8%
LAXNBC
89.8%
Andy Barker, P.I.NBC
89.8%
Come to PapaNBC
88.9%
TeachersNBC
88.9%
Rosie LiveNBC
88.9%

You're not logged in!

Compare scores with friends on all Sporcle quizzes.
Join for Free
OR
Log In

You Might Also Like...

Show Comments

Extras

Top Quizzes Today


Score Distribution

Your Account Isn't Verified!

In order to create a playlist on Sporcle, you need to verify the email address you used during registration. Go to your Sporcle Settings to finish the process.

Report this User

Report this user for behavior that violates our Community Guidelines.

Details: